| 000 | 00822nam a2200289Ia 4500 | ||
|---|---|---|---|
| 001 | Para_5585 | ||
| 003 | CHAP | ||
| 008 | 220125s1997 xx 000 0 und d | ||
| 010 | _a204052 | ||
| 040 | _cCHAP | ||
| 082 | _aPA 595.7 A8 | ||
| 100 |
_aAshworth, A.C. ed. _9170088 |
||
| 245 |
_aStudies in quaternary entomology / _c ed. by A.C. Ashworth, P.C. Buckland and J.P. Sadler |
||
| 260 |
_aChichester : _b John Wiley and Sons |
||
| 300 | _a303 p. | ||
| 440 |
_aEditor John Lowe; 5 _9170089 |
||
| 650 |
_aEntomología _x Investigación _937132 |
||
| 700 |
_aBuckland, P.C. _9170090 |
||
| 700 |
_aSadler, J.P. _9170091 |
||
| 901 | _aPA 595.7 A8 | ||
| 902 | _aA | ||
| 905 | _a0000001997 a 0000000000 00 | ||
| 910 | _a1997 | ||
| 942 | _cPARA | ||
| 942 |
_cPARA _d1 |
||
| 999 |
_c204052 _d204052 |
||